Principles of macroeconomics (Record no. 10049)

MARC details
000 -LEADER
fixed length control field 00526cam a2200205ua 4500
001 - CONTROL NUMBER
control field 11196
005 - DATE AND TIME OF LATEST TRANSACTION
control field 20260515114722.0
008 - FIXED-LENGTH DATA ELEMENTS--GENERAL INFORMATION
fixed length control field 190903n ii |||gr||||Z||||||eng
020 ## - INTERNATIONAL STANDARD BOOK NUMBER
International Standard Book Number 9789386668271
040 ## - CATALOGING SOURCE
Transcribing agency MAIN
041 ## - LANGUAGE CODE
Language code of text/sound track or separate title eng
082 ## - DEWEY DECIMAL CLASSIFICATION NUMBER
Classification number 339.01
100 ## - MAIN ENTRY--PERSONAL NAME
Personal name N Gregory Mankiw,
Relator term Author.
245 ## - TITLE STATEMENT
Title Principles of macroeconomics
Statement of responsibility, etc. By N Gregory Mankiw
250 ## - EDITION STATEMENT
Edition statement 7th ed.
260 ## - PUBLICATION, DISTRIBUTION, ETC.
Place of publication, distribution, etc. Uttar Pradesh:
Name of publisher, distributor, etc. Cengage learning,
Date of publication, distribution, etc. 2019.
300 ## - PHYSICAL DESCRIPTION
Extent 551p.
653 ## - INDEX TERM--UNCONTROLLED
Uncontrolled term Macroeconomics & related topics
942 ## - ADDED ENTRY ELEMENTS (KOHA)
Koha item type Books
Holdings
Withdrawn status Lost status Damaged status Not for loan Home library Current library Shelving location Date acquired Total checkouts Full call number Barcode Date last seen Copy number Price effective from Koha item type
        Naharkatiya College Library Naharkatiya College Library General stacks 09/19/2020   339.01oMAN 27417 09/19/2020 1 09/19/2020 Books
        Naharkatiya College Library Naharkatiya College Library General stacks 09/19/2020   339.01oMAN 27418 09/19/2020 2 09/19/2020 Books